Politics of post-civil society : (Record no. 75197)
[ view plain ]
| 000 -LEADER | |
|---|---|
| fixed length control field | 01190nam a22002297a 4500 |
| 005 - DATE AND TIME OF LATEST TRANSACTION | |
| control field | 20130507153703.0 |
| 010 ## - LCCN (DPL NO) | |
| LC control number | ENG-107052 |
| 020 ## - INTERNATIONAL STANDARD BOOK NUMBER | |
| International Standard Book Number | 9788132110415 |
| Terms of availability | 695.00 |
| 035 ## - SYSTEM CONTROL NUMBER | |
| System control number | EN-90585 |
| 037 ## - SOURCE OF ACQUISITION | |
| Source of stock number/acquisition | DBAD/PUB |
| 082 00 - DEWEY DECIMAL CLASSIFICATION NUMBER | |
| Classification number | 303.484 |
| Edition number | 23 |
| 100 1# - MAIN ENTRY--PERSONAL NAME | |
| Personal name | Gudavarthy, Ajay. |
| 245 10 - TITLE STATEMENT | |
| Title | Politics of post-civil society : |
| Remainder of title | contemporary history of political movements in India / |
| Statement of responsibility, etc | by Ajay Gudavarthy |
| 260 ## - PUBLICATION, DISTRIBUTION, ETC. (IMPRINT) | |
| Place of publication, distribution, etc | New Delhi |
| Name of publisher, distributor, etc | SAGE Publications |
| Date of publication, distribution, etc | 2013 |
| 270 ## - ADDRESS | |
| Address | B1/I-1 Mohan Cooperative Industrial Area Mathura Road |
| City | New Delhi |
| Postal code | 110044 |
| 300 ## - PHYSICAL DESCRIPTION | |
| Extent | x, 262 p. |
| Dimensions | 23cm(Hb) |
| 500 ## - GENERAL NOTE | |
| General note | Includes bibliographical references (p. [239]-254) and index. |
| 505 0# - FORMATTED CONTENTS NOTE | |
| Formatted contents note | Why beyond civil society? -- Human rights movements in India : state, civil society and beyond -- Dalit and Naxalite struggles : political identities beyond identity politics -- Feminist politics and legal subjectivity : negotiating transformative dilemmas -- Collectives against pollution and 'political society' : implications of uncivil development -- Towards politics of post-civil society. |
| 650 #0 - SUBJECT ADDED ENTRY--TOPICAL TERM | |
| Topical term or geographic name as entry element | Social movements |
| Geographic subdivision | India. |
| 650 #0 - SUBJECT ADDED ENTRY--TOPICAL TERM | |
| Topical term or geographic name as entry element | Civil society |
| Geographic subdivision | India. |
| 942 ## - ADDED ENTRY ELEMENTS (KOHA) | |
| Source of classification or shelving scheme | Dewey Decimal Classification |
| Item type | English Books |
| Classification part | 303.484 |
| Call number suffix | GUD |
| Withdrawn status | Lost status | Not for loan | Collection code | Home library | Current library | Date acquired | Source of acquisition | Cost, normal purchase price | Full call number | Barcode | Copy number | Cost, replacement price | Koha item type |
|---|---|---|---|---|---|---|---|---|---|---|---|---|---|
| Not For Loan | Non-fiction | D.B.Act.Division | D.B.Act.Division | 07/05/2013 | DBAD/PUB | 695.00 | 303.484 GUD | EN-90585 | 1 | 695.00 | English Books |
